Principios de filosofía (Registro nro. 7010)

Detalles MARC
000 -LEADER
fixed length control field 01307 a2200229 4500
001 - CONTROL NUMBER
control field 60481
005 - DATE AND TIME OF LATEST TRANSACTION
control field 20260407155856.0
008 - FIXED-LENGTH DATA ELEMENTS--GENERAL INFORMATION
fixed length control field 260407a1995 arg spa d
003 - CONTROL NUMBER IDENTIFIER
control field AR-UNSa-BCEJYS
040 ## - CATALOGING SOURCE
Original cataloging agency AR-UNSa-BCEJYS
Language of cataloging spa
Transcribing agency AR-UNSa-BCEJYS
080 ## - UNIVERSAL DECIMAL CLASSIFICATION NUMBER
Universal Decimal Classification number 101.1
Common auxiliary subdivision Naturaleza de la filosofía. La filosofía como ciencia. La filosofía como arte (pensamiento filosófico)
020 ## - INTERNATIONAL STANDARD BOOK NUMBER
International Standard Book Number 950-9115-01-0
041 ## - LANGUAGE CODE
Language code of text/sound track or separate title spa
100 1# - MAIN ENTRY--PERSONAL NAME
Personal name Carpio, Adolfo P.
245 10 - TITLE STATEMENT
Title Principios de filosofía
Name of part/section of a work Una introducción a su problemática
250 ## - EDITION STATEMENT
Edition statement 2a. ed.
264 #1 - PRODUCTION, PUBLICATION, DISTRIBUTION, MANUFACTURE, AND COPYRIGHT NOTICE
Place of production, publication, distribution, manufacture Buenos Aires :
Name of producer, publisher, distributor, manufacturer Glauco
Date of production, publication, distribution, manufacture, or copyright notice 1995
300 ## - PHYSICAL DESCRIPTION
Extent xxii, 495 p.
Dimensions 22 cm.
505 ## - FORMATTED CONTENTS NOTE
Formatted contents note 1. Los problemas de la filosofía - 2. Cambio y permanencia – 3. La filosofía como crítica universal y saber sin supuestos – 4. El descubrimiento del concepto. Sócrates – 5. El mundo de las ideas. Platón – 6. El mundo de las substancias. Aristóteles – 7. La razón y la fe. Santo Tomás – 8. El racionalismo. Descartes – 9. El empirismo – 10. El idealismo trascendental. Kant – 11. El idealismo absoluto. Hegel – 12. El materialismo histórico. Marx – 13. La fenomenología. Husserl – 14. Ser y existencia. Heidegger – 15. Epílogo. El hombre y la filosofía -
590 ## - LOCAL NOTE (RLIN)
Local note niveau_biblio:m niveau_hierar:0
942 ## - ADDED ENTRY ELEMENTS (KOHA)
Koha item type
Existencias
Withdrawn status Lost status Damaged status Not for loan Home library Current library Shelving location Date acquired Total checkouts Full call number Barcode Date last seen Price effective from Koha item type Public note
        Biblioteca Prof. Eusebio Cleto del Rey Biblioteca Prof. Eusebio Cleto del Rey   07/04/2026   101 C298 2ed. L129199 07/04/2026 07/04/2026 Libro RESALTADOR - LAPICERA - CANTO LATERAL MANCHADO -